000 00370nam a2200157Ia 4500
008 230524s9999 xx 000 0 und d
082 _a6621.38
_bRAI
100 _aH.M.Rai
245 0 _aPower Electronics
250 _a1ST
260 _aNEW DELHI
_bSatya Prakashan
_c2001
300 _aXII;335
500 _aQuantity Number: 1
650 _aElectrical
942 _cBK
999 _c37077
_d37077